Countries by National Anthems #2 - Statistics

General Stats
  • This quiz has been taken 469 times
  • The average score is 5 of 12
Answer Stats
Country % Correct
Russia
92%
United Kingdom
71%
Spain
68%
Netherlands
58%
Israel
54%
Turkey
46%
Argentina
39%
South Korea
32%
Switzerland
31%
Saudi Arabia
28%
Cuba
19%
Nigeria
11%
No matching quizzes found
Score Distribution
Percent of People with Each Score
Percentile by Number Answered
Your Score History
You have not taken this quiz